Leonel : (Registro nro. 13954)

Detalles MARC
000 -LEADER
fixed length control field 00799nam a2200253 a 4500
001 - CONTROL NUMBER
control field 000039686
003 - CONTROL NUMBER IDENTIFIER
control field DO-SdBNP
005 - DATE AND TIME OF LATEST TRANSACTION
control field 20220117135600.0
008 - FIXED-LENGTH DATA ELEMENTS--GENERAL INFORMATION
fixed length control field 130716s1998 dr a 000 0 spa d
020 ## - INTERNATIONAL STANDARD BOOK NUMBER
International Standard Book Number 8492311371
040 ## - CATALOGING SOURCE
Original cataloging agency DO-SdBNP
Language of cataloging spa
Transcribing agency BPMSU
082 ## - DEWEY DECIMAL CLASSIFICATION NUMBER
Classification number 320.7293
Item number F363L, 1998
Edition number 22
100 ## - MAIN ENTRY--PERSONAL NAME
Personal name Fernández, Leonel,
Dates associated with a name 1953-
245 10 - TITLE STATEMENT
Title Leonel :
Remainder of title temas de campaña /
Statement of responsibility, etc. recopilación Rafael Núñez.
260 ## - PUBLICATION, DISTRIBUTION, ETC. (IMPRINT)
Place of publication, distribution, etc. Santo Domingo :
Name of publisher, distributor, etc. Alfa y Omega,
Date of publication, distribution, etc. 1998
300 ## - PHYSICAL DESCRIPTION
Extent v. :
Other physical details ils. ;
Dimensions 22 cm.
490 0# - SERIES STATEMENT
Series statement [Discursos ]
Volume/sequential designation 2
500 ## - GENERAL NOTE
General note Incluye datos biográficos del autor en la contracubierta
590 ## - LOCAL NOTE (RLIN)
Local note Inventariado, 2022/VM
651 #4 - SUBJECT ADDED ENTRY--GEOGRAPHIC NAME
Geographic name República Dominicana
General subdivision Política y gobierno
Chronological subdivision 1961-
700 1# - ADDED ENTRY--PERSONAL NAME
Personal name Núñez, Rafael
Relator term comp.
910 ## - USER-OPTION DATA (OCLC)
User-option data VMateo V.
942 ## - ADDED ENTRY ELEMENTS (KOHA)
Source of classification or shelving scheme Dewey Decimal Classification
Koha item type Libros
Existencias
Withdrawn status Lost status Source of classification or shelving scheme Damaged status Not for loan Collection code Home library Current library Date acquired Source of acquisition Full call number Barcode Date last seen Price effective from Koha item type
    Dewey Decimal Classification     Colección Dominicana Biblioteca Pública Metropolitana Salomé Ureña Biblioteca Pública Metropolitana Salomé Ureña 01/17/2022 Fundacón Juan Bosch BPMSU CD 320.7293 F363L 1998 BPMSU22010035 01/17/2022 01/17/2022 Libros